Les classes (natures) grammaticales - Statistiques

Statistiques générales
  • Ce quiz a été pris 81 fois
  • Le résultat moyen est 7 sur 9
Statistiques - réponses
Réponse % Correct
Verbe
98%
Adjectif
91%
Adverbe
91%
Nom
91%
Pronom
88%
Déterminant
82%
Conjonction
80%
Préposition
71%
Interjection
52%
Aucun quiz correspondant
Distribution des résultats
% des personnes avec chaque résultat
Percentile par nombre de réponses
Votre historique - résultats
Vous n’avez pas pris ce quiz